000
00265nam a22001217a 4500
008
181218b xxu||||| |||| 00| 0 eng d
041
_a
eng
080
_a
038
100
_a
21
101
_a
FJA
245
_a
The Modern Dictionary
_c
Vizetelly,F.H
942
_2
udc
_c
BK
999
_c
53476
_d
53476